000 00544nam a2200169 i 4500
001 102520
003 ES-MaACL
005 20230906183127.0
007 t|
008 051111s1922 fr ||||1| ita d
100 1 _aMerezhkovsky, Dmitry Sergeyevich.
_980486
245 1 0 _aQuatorze Décembre
_b: (Roman) /
_cDmitri Merejkowsky; traduit... , par Michel de Gramont.
260 _aParis :
_b[s.n.],
_c1922 (
_fSociete Generale d'imprimerie)
300 _a418 p. ;
_c19 cm.
700 1 _aGramont, Michel de.
_959543
852 _aES-MaACL
_jF-12136
999 _c102520
_d102520